Publicidad y sociedad de consumo en España / (Record no. 99496)

MARC details
000 -LEADER
campo de control de longitud fija 00736nam a2200229 i 4500
001 - NÚMERO DE CONTROL
campo de control 99496
003 - IDENTIFICADOR DE NÚMERO DE CONTROL
campo de control ES-MaACL
005 - FECHA Y HORA DE LA ÚLTIMA TRANSACCIÓN
campo de control 20230906182515.0
007 - CAMPO FIJO DE DESCRIPCIÓN FÍSICA--INFORMACIÓN GENERAL
campo de control de longitud fija t|
008 - DATOS DE LONGITUD FIJA--INFORMACIÓN GENERAL
campo de control de longitud fija 050912s1970 sp ||||1| spa d
100 1# - ENTRADA PRINCIPAL--NOMBRE DE PERSONA
Nombre de persona Martín Serrano, Manuel.
9 (RLIN) 77663
245 10 - MENCIÓN DEL TÍTULO
Título Publicidad y sociedad de consumo en España /
Mención de responsabilidad, etc. Manuel Martín Serrano.
260 ## - PUBLICACIÓN, DISTRIBUCIÓN, ETC.
Lugar de publicación, distribución, etc. Madrid :
Nombre del editor, distribuidor, etc. Cuadernos para el Diálogo,
Fecha de publicación, distribución, etc. 1970.
300 ## - DESCRIPCIÓN FÍSICA
Extensión 40 p. :
Otras características físicas il. ;
Dimensiones 27 cm.
490 1# - MENCIÓN DE SERIE
Mención de serie Los suplementos ;
Designación de volumen o secuencia 15
650 #4 - PUNTO DE ACCESO ADICIONAL DE MATERIA--TÉRMINO DE MATERIA
Término de materia o nombre geográfico como elemento de entrada Publicidad-
Subdivisión geográfica España.
9 (RLIN) 171765
650 00 - PUNTO DE ACCESO ADICIONAL DE MATERIA--TÉRMINO DE MATERIA
Término de materia o nombre geográfico como elemento de entrada Consumismo-
Subdivisión geográfica España-
Subdivisión cronológica 1939-1975.
9 (RLIN) 11303
710 2# - ENTRADA AGREGADA--NOMBRE DE ENTIDAD CORPORATIVA
Nombre de entidad corporativa o nombre de jurisdicción como elemento de entrada Cuadernos para el Diálogo.
9 (RLIN) 3333
830 1# - PUNTO DE ACCESO ADICIONAL DE SERIE-TÍTULO UNIFORME
Título uniforme Los suplementos ;
Designación de volumen o secuencia 15
9 (RLIN) 181306
852 ## - LOCALIZACIÓN
Ubicación ES-MaACL
Número de control de estantería 2098-F-6
Holdings
Estatus retirado Estado de pérdida Estado de daño No para préstamo Colección Biblioteca de origen Biblioteca actual Ubicación en estantería Fecha de adquisición Fuente de adquisición Total de préstamos Signatura topográfica completa Código de barras Visto por última vez Precio de reemplazo Tipo de ítem Koha
        Colección de folletos Biblioteca del Ateneo de Madrid Biblioteca del Ateneo de Madrid Depósito folletos 17/01/2008     2098-F-6 1103890 23/02/2023 23/02/2023 Folleto